Bulharsko-český a česko-bulharský technický slovník

Enregistré dans:
Détails bibliographiques
Format: Livre
Langue:bulgare
tchèque
Publié: Praha Státní nakladatelství technické literatury 1988
Édition:1. vyd.
Tags: Ajouter un tag
Pas de tags, Soyez le premier à ajouter un tag!

MARC

LEADER 00000nam a2200000 4500
001 c033587
005 20250520074623.0
041 0 |a bul 
041 0 |a cze 
044 |a CZ 
245 1 0 |a Bulharsko-český a česko-bulharský technický slovník 
250 |a 1. vyd. 
264 1 |a Praha  |b Státní nakladatelství technické literatury  |c 1988 
300 |a 511 s.